| 000 | 00882cam a2200265 a 4500 | ||
|---|---|---|---|
| 001 | 4487909 | ||
| 005 | 20240208053845.0 | ||
| 008 | 970307s1998 enkab b 001 0 eng | ||
| 020 | _a0521584280 (hardback) | ||
| 020 | _a0521586143 (pbk.) | ||
| 040 |
_aDLC _cDLC _dDLC |
||
| 082 | 0 | 0 |
_a306.8 _221 _bMAT. |
| 245 | 0 | 0 |
_aMaternities and modernities : _bcolonial and postcolonial experiences in Asia and the Pacific / _cedited by Kalpana Ram and Margaret Jolly. |
| 260 |
_a England ; _aNew York : _bCambridge University Press, _c1998. |
||
| 300 | _axiii, 305 p. : | ||
| 650 | 0 | _aMotherhood | |
| 650 | 0 | _aMotherhood | |
| 650 | 0 | _aMothers | |
| 650 | 0 | _aMothers | |
| 700 | 1 |
_aRam, Kalpana. _eedt |
|
| 700 | 1 |
_aJolly, Margaret. _eedt |
|
| 856 | 4 | 2 | _uhttp://www.loc.gov/catdir/description/cam028/97006813.html |
| 856 | 4 | 1 | _uhttp://www.loc.gov/catdir/toc/cam021/97006813.html |
| 942 | _cL | ||
| 999 |
_c346 _d346 |
||